Protein Reviews Proteomics And Protein-Protein Interactions:Biology,Chemistry,Bioinformatics and Drug Design Vol-3 (Record no. 23405)
[ view plain ]
| 000 -LEADER | |
|---|---|
| fixed length control field | 00365nam a22000977a 4500 |
| 008 - FIXED-LENGTH DATA ELEMENTS--GENERAL INFORMATION | |
| fixed length control field | 130417b xxu||||| |||| 00| 0 eng d |
| 020 ## - INTERNATIONAL STANDARD BOOK NUMBER | |
| International Standard Book Number | 9780387245317 |
| Terms of availability | Avalable |
| 050 ## - LIBRARY OF CONGRESS CALL NUMBER | |
| Classification number | 612.01575WAK |
| Item number | 002263 |
| 245 ## - TITLE STATEMENT | |
| Title | Protein Reviews Proteomics And Protein-Protein Interactions:Biology,Chemistry,Bioinformatics and Drug Design Vol-3 |
| Statement of responsibility, etc. | Waksman Gabriel |
| 260 ## - PUBLICATION, DISTRIBUTION, ETC. | |
| Place of publication, distribution, etc. | USA |
| Name of publisher, distributor, etc. | Springer |
| Date of publication, distribution, etc. | 2005 |
| Withdrawn status | Lost status | Source of classification or shelving scheme | Damaged status | Not for loan | Permanent Location | Current Location | Shelving location | Date acquired | Total Checkouts | Total Renewals | Full call number | Barcode | Date last seen | Date last checked out | Price effective from | Koha item type |
|---|---|---|---|---|---|---|---|---|---|---|---|---|---|---|---|---|
| Central Library (CL) | Central Library (CL) | General Stacks | 04/17/2013 | 1 | 1 | 612.01575 WAK | RCMS002263 | 10/18/2021 | 04/08/2015 | 04/17/2013 | Book |
